000 00425nam a22001577a 4500
003 PILC
005 20160330133311.0
008 160330b xxu||||| |||| 00| 0 eng d
020 _a9780312628123
050 _aPS 3616
_b.P659 2009
100 _aPintoff, Stefanie.
245 _aIn the shadows of gotham /
_cStefanie Pintoff.
260 _aNY :
_bMinotaur Books,
_c2009.
300 _a385 pages ;
_c21 cm.
942 _2lcc
_cBK
999 _c293092
_d293092